| 000 | 02602cam a22004218i 4500 | ||
|---|---|---|---|
| 001 | 21439717 | ||
| 005 | 20260606115014.0 | ||
| 008 | 200220t20202020cau b 001 0 eng | ||
| 010 | _a 2020008930 | ||
| 020 |
_a9789353883140 _q(Hardback) |
||
| 020 |
_z9789353883157 _q(ePub) |
||
| 020 |
_z9789353883164 _q(eBook) |
||
| 035 | _a21439717 | ||
| 040 |
_aDLC _beng _cDLC _erda |
||
| 042 | _apcc | ||
| 043 | _aa-ii--- | ||
| 050 | 0 | 0 |
_aGF661 _b.C75 2020 |
| 082 | 0 | 0 | _a333.70954 |
| 245 | 0 | 0 |
_aCritical themes in environmental history of India / _cedited by Ranjan Chakrabarti. |
| 264 | 1 |
_aThousand Oaks, California : _bSAGE Publications India Pvt Ltd, _c2020. |
|
| 300 |
_axii, 476 pages ; _c22 cm |
||
| 336 |
_atext _btxt _2rdacontent |
||
| 337 |
_aunmediated _bn _2rdamedia |
||
| 338 |
_avolume _bnc _2rdacarrier |
||
| 504 | _aIncludes bibliographical references and index. | ||
| 505 | 2 | _aSection I. Environmental history of India: Methodology and scope -- Section 2. Rivers andwWater -- Section 3. Forest, land use, wildlife and animals -- Section 4. Climate and disaster. | |
| 520 |
_a"A first of its kind in India, the book addresses the fundamental questions of environmental concern and enquires into the complex patterns of human-nature interaction within the discipline of environmental history in India. This book delves into history to examine a number of critical themes, such as waterbodies and water, forests, land use, wildlife and the issue of the history of climate in India. It focuses on the methodological and historiographical aspects of environmental history and raises new questions to open up new windows leading to fresh research questions. The book argues that environmental history would serve as an important gateway to the history of the human-nature relationship, for example, exploring the role of water history would help in understanding the present context of water crisis in Indian cities"-- _cProvided by publisher. |
||
| 650 | 0 |
_aHuman ecology _zIndia _xHistory. |
|
| 650 | 0 |
_aEnvironmental policy _zIndia. |
|
| 650 | 0 |
_aGeographical perception _zIndia. |
|
| 700 | 1 |
_aChakrabarti, Ranjan, _eeditor. |
|
| 710 | 2 | _aSage Publications. | |
| 776 | 0 | 8 |
_iOnline version: _tCritical themes in environmental history of India _dThousand Oaks : SAGE Publications India Pvt Ltd, 2020. _z9789353883157 _w(DLC) 2020008931 |
| 856 | 4 | 0 |
_uhttps://sk.sagepub.com/books/critical-themes-in-environmental-history-of-india _yRead SAGE E-Book |
| 906 |
_a7 _bcbc _corignew _d1 _eecip _f20 _gy-gencatlg |
||
| 942 |
_2ddc _cEBOOK |
||
| 999 |
_c44727 _d44727 |
||